00990nam0a22002531 4500001001100000005001700011035002600028100004100054101000800095102000700103105001800110200016000128210004000288215002300328300013200351320003500483320003900518700004700557701004300604801001800647801002200665801003100687852001800718rc\112920320250612174951.0 a(NLR Aleph) 008763167 a20041126d1981 |||y0rusy50 ca0 arus aRU aa |||||||||1 aЦифровая обработка речевых сигналовfПер. с англ. под ред. М.В. Назарова, Ю.Н. Прохорова aМ.cРадио и связьd1981 a495 с.cил.d22 aПеревод изд.: Digital processing of speech signals / Laurence R. Rabiner, Ronald W. Schafer (Englewood cliffs, N. J.) aБиблиогр.: с. 472-488 aПредм. указ.: с. 489-491 1aРабинерbЛ.Р.gЛоуренс Р. 1aШаферbР.В.gРональд В. 0aRUbNLRgpsbo 1aRUbELAR2rusmarc 2aRUbNLRc200504272rusmarc aNLRj82-5/598